Welcher Film wird gesucht? - Statistiken

Allgemein
  • Dieses Quiz wurde 166 mal gespielt
  • Das Durchschnittsergebnis liegt bei 5 aus 6
Antwortstatistiken
Frage Antwort % Korrekt
Eine betrügerische Kopfgeldjagd lässt 2 Männer ein Bündnis gegen einen 3. eingehen, um einen Goldschatz zu finden. 2 glorreiche Halunken
100%
Puuh & Ferkel veranstalten einen Amoklauf, nachdem Christopher Robin sie für das College verlassen hat. 36. Winnie the Pooh: Blood & Honey
100%
Junge Menschen, aus einer fernen Welt, müssen sich der schrecklichsten Lebensform des Universums stellen. Alien: Romulus
100%
Die junge Riley wird plötzlich aus ihrem Leben im mittleren Westen gerissen, als Sie nach San Francisco umziehen muss. Alles steht Kopf
100%
Riley erreicht die Pubertät, was neue Gefühle in ihrem Kopf hervor ruft. Alles steht Kopf 2
100%
Eine 40-jährige alleinerziehende Mutter, beginnt eine unerwartete Romanze mit dem 24-jährigen Hayes Campbell. Als du mich sahst
100%
Ein ehemaliger Neo-Nazi & Skinhead versucht seinen jüngeren Bruder davon abzuhalten, den gleichen falschen Weg zu gehen wie er selbst. American History X
100%
4 Teenager Jungen schliessen einen Pakt, ihre Jungfräulichkeit bis zum Abschlussballabend zu verlieren. American Pie
100%
Die hohe Zielgenauigkeit des Navy SEALs & Scharfschützen Chris Kyle rettet zahllose Leben auf dem Schlachtfeld & macht ihn zu einer Legende. American Sniper
100%
Ron Burgundy ist San Diegos bestbewerteter Nachrichtensprecher, aber das wird sich ändern. Anchorman
100%
Ausgestattet mit einem Spezialanzug, mit dem er sich auf Miniaturgröße schrumpfen & seine Kräfte verstärken kann, hilft Meisterdieb Scott Lang seinem Mentor. Ant - Man
100%
Tony Stark & Bruce Banner wollen ein Friedensprogramm in Gang bringen, doch dabei geht einiges schief. Avengers: Age of Ultron
100%
Marcus Burnett ist jetzt Polizeiinspektor & Mike Lowery befindet sich in einer Midlife-Krise. Bad Boys for Life
100%
2 Hip-Detektive schützen einen Zeugen eines Mordes. Bad Boys - Harte Jungs
100%
Ein Film über die besondere Verbundenheit zwischen einem übergroßen, aufblasbaren Roboter & dem talentierten Hiro Hamada. Baymax - Riesiges Robowabohu
100%
Ein kasachischer TV-Gesprächsleiter wird in die USA entsandt, um über das größte Land der Welt zu berichten. Borat: Kulturelle Lernung von Amerika um Benefiz für glorreiche Nation von Kasachstan zu machen
100%
Seit Jahrzehnten im Eis eingefroren, wird er im Kampf gegen den Erzverbrecher The Red Skull befreit. Captain America
100%
Ein Katzenstamm, die Jellicles, muss jährlich entscheiden, welche zur Heaviside-Schicht aufsteigen & zu einem neuen Jellicle-Leben zurückkehren wird. Cats
100%
CIA-Agent Napoleon Solo & KGB-Spion Illya Kuryakin gehen gemeinsam gegen ein geheimnisvolles Verbrechersyndikat vor. Codename U.N.C.L.E.
100%
Ein verdeckter Ermittler & ein Maulwurf bei der Polizei versuchen sich gegenseitig zu identifizieren, während sie eine irische Verbrecherbande unterwandern. Departed - Unter Feinden
100%
Bilbo & sein Heer sind gezwungen, gegen eine Reihe von Kämpfern in die Schlacht zu ziehen. Der Hobbit - Die Schlacht der 5 Heere
100%
Bilbo Beutlin macht sich widerstrebend mit einer Gruppe munterer Zwerge auf den Weg zum "Einsamen Berg" . Der Hobbit - Eine unerwartete Reise
100%
Ein geplagter Vater muss ein Kinder-Sommerlager leiten. Der Kindergarten Daddy 2
100%
Löwenbaby & zukünftiger König Simba sucht nach seiner Identität. Der König der Löwen
100%
Ein polnischer, jüdischer Musiker versucht im 2. Weltkrieg die Zerstörung des Warschauer Ghettos zu überleben. Der Pianist
100%
1 Gruppe von US-Soldaten begibt sich hinter die feindlichen Linien, um einen Fallschirmjäger herauszuholen. Der Soldat James Ryan
100%
Der kleine Badeort Amity Island wird von einem gefräßigen Hai heimgesucht. Der weiße Hai
100%
Als der böse Geist Pitch einen Angriff auf die Erde startet, arbeiten die unsterblichen Wächter zusammen, um die Unschuld von Kindern auf der ganzen Welt zu schützen. Die Hüter des Lichts
100%
Unter der Führung von Präsident Coin & ihrer vertrauten Freunde breitet Katniss ihre Flügel aus, während sie darum kämpft, Peeta & die Nation, zu retten. Die Tribute von Panem - Mockingjay: Teil 1
100%
Als der Krieg von Panem eskaliert & in der Zerstörung anderer Distrikte endet, muss Katniss Everdeen eine Armee gegen President Snow aufstellen. Die Tribute von Panem - Mockingjay: Teil 2
100%
Vorgeschichte um den jungen Coriolanus Snow als Mentor bei den 10. Hungerspielen. Die Tribute von Panem - The Ballad of Songbirds & Snakes
100%
Katniss Everdeen nimmt den Platz ihrer jüngeren Schwester bei den Hungerspielen ein. Die Tribute von Panem - The Hunger Games
100%
Ein kleiner Junge muss die Ordnung zwischen 2 Welten wiederherstellen, als eine Gruppe von Tyrannen ein magisches Buch stiehlt. Die unendliche Geschichte III - Rettung aus Phantasien
100%
2 Gefängnisinsassen freunden sich im Lauf der Jahre an & finden Trost & Erlösung, indem sie anständig bleiben & Gutes tun. Die Verurteilten
100%
Mit der Hilfe eines deutschen Kopfgeldjägers macht sich ein befreiter Sklave auf den Weg seine Frau zu retten. Django Unchained
100%
Ein unglücklicher junger Wikinger, der Drachen jagen will, wird zufällig der Freund eines jungen Drachen. Drachenzähmen leicht gemacht
100%
Hicks & Ohnezahn entdecken eine Eishöhle, in der hunderte neue, wilde Drachen & der mysteriöse Drachenreiter leben. Drachenzähmen leicht gemacht 2
100%
Der junge Krieger Son Goku begibt sich auf eine Suche um eine Reihe von 7 magischen Kugeln zu sammeln . DragonBall Evolution
100%
Ein mysteriöser Hollywood-Stuntman & Mechaniker arbeitet nebenbei als Fluchtwagenfahrer. Drive
100%
Gene, ein Emoji mit vielen verschiedenen Gesichtsausdrücken, begibt sich auf eine Reise, ein ganz normaler Emoji zu werden. Emoji - Der Film
100%
Das Leben der Literaturstudentin Anastasia Steele ändert sich für immer, als sie den attraktiven Milliardär Christian kennenlernt. Fifty Shades Of Grey
100%
Ein unter Schlaflosigkeit leidender Büroangestellter sucht nach einer Möglichkeit, sein Leben zu ändern. Fight Club
100%
Nachdem sein Sohn am Great Barrier Reef gefangen genommen & nach Sydney gebracht wurde, unternimmt ein Clownfisch eine Reise. Findet Nemo
100%
Animierter Spielfilm über eine sarkastische, Lasagne liebende Katze. Garfield: Eine extra Portion Abenteuer
100%
Ein junger Afroamerikaner besucht den mysteriösen Familiensitz seiner weißen Freundin. Get Out
100%
Henry Hill & seine Freunde behaupten sich bei ihrem Aufstieg in der Bandenhierarchie. GoodFellas - Drei Jahrzehnte in der Mafia
100%
Um zu überleben, arbeiten 2 Astronauten zusammen, nachdem sie durch einen Unfall im Weltall auf sich alleine gestellt sind. Gravity
100%
Eine Gruppe intergalaktischer Krimineller ist zur Zusammenarbeit gezwungen, um einen fanatischen Krieger aufzuhalten. Guardians of the Galaxy
100%
3 Freunde wachen nach einer Junggesellenabschiedsparty in Las Vegas auf, ohne jede Erinnerung an letzte Nacht. Hangover
100%
Gru, Lucy, Margo, Edith & Agnes begrüßen ein neues Familienmitglied, Gru Jr., der seinen Vater quälen will. Ich - Einfach Unverbesserlich 4
100%
Ein Dieb stiehlt Unternehmensgeheimnisse mithilfe einer Technologie für gemeinsames Träumen. Inception
100%
Ein Forscherteam reist auf der Suche nach neuen Welten durch ein Wurmloch im Universum. Interstellar
100%
Eine Spionageorganisation nimmt einen unkultivierten, aber vielversprechenden Straßenjungen in ihr hochkompetitives Trainingsprogramm auf. Kingsman: The Secret Service
100%
Ein junger Mann wird bei einem Schiffbruch auf eine unglaubliche Reise voller Abenteuer & Entdeckungen geschickt. Life of Pi: Schiffbruch mit Tiger
100%
Eine rachsüchtige Fee wird getrieben, eine kleine Prinzessin zu verfluchen. Maleficent - Die dunkle Fee
100%
Ein Mann versucht, die Suche nach dem Mörder seiner Frau & den Verlust seines Kurzzeitgedächtnisses unter einen Hut zu bringen. Memento
100%
Eine Nation von genetisch veränderten Affen, die von Cäsar angeführt wird, wird von einem verheerenden Virus bedroht. Planet der Affen: Revolution
100%
2 Zauberkünstler beginnen einen Wettstreit darüber, wer als 1. die ultimative Bühnenillusion erschaffen kann. Prestige - Die Meister der Magie
100%
Auf der Suche nach einer Möglichkeit, sich von Tatarigamis Fluch zu befreien, findet sich Ashitaka in einen Krieg zwischen Waldgöttern & der Bergbausiedlung Tatara involviert. Prinzessin Mononoke
100%
Die Leben zweier Auftragskiller, eines Boxers, einer Gangsterbraut & eines Pärchens, das Diner-Restaurants überfällt werden miteinander verwoben. Pulp Fiction
100%
Alex Murphy, ein liebevoller Ehemann, Vater & Polizist, wird in Ausübung seines Dienstes schwer verletzt. RoboCop
100%
Eine Familie fährt in ein abgelegenes Hotel, um dort den Winter zu verbringen. Dort angekommen lassen böse Kräfte den Vater gewalttätig werden. Shining
100%
Im Jahr 1954 untersucht ein US-Marshal das Verschwinden einer Mörderin, die aus einer Anstalt für geisteskranke Straftäter entkommen ist. Shutter Island
100%
2 Kripobeamte, 1 Neuling & ein altgedienter Fuchs jagen einen Serienmörder. Sieben
100%
Bonds Treue zu M wird auf die Probe gestellt, als ihre Vergangenheit sie einholt. Skyfall
100%
Ein Teenager aus Mumbai denkt über seine Kindheit nach, als er beschuldigt wird, bei der indischen Version von "Wer wird Millionär" betrogen zu haben. Slumdog Millionär
100%
Nachdem die Rebellen auf ihrem neuen Stützpunkt brutal vom Imperium überwältigt worden sind, macht Luke Skywalker bei Meister Yoda einen Jedi-Kurs für Fortgeschrittene. Star Wars: Episode V - Das Imperium schlägt zurück
100%
Mehr als 3 Jahrzehnte nach dem Sieg über das galaktische Imperium entsteht eine neue Bedrohung - die "1. Ordnung". Star Wars - Episode VII: Das Erwachen der Macht
100%
Ein psychisch labiler Vietnamveteran arbeitet nachts als Taxifahrer in New York. Taxi Driver
100%
John Bennett's Kindheitswunsch, seinen Teddybären zum Leben zu erwecken, wird wahr. Ted
100%
Ein Professor hat eine Beziehung mit einem sprachlosen Mann mit zerebraler Lähmung. Tell Them You Love Me
100%
Eine Gruppe von Teenagern gerät in der Abschlussballnacht in einen Autounfall in den texanischen Wäldern. Texas Chainsaw Massacre: Die Rückkehr
100%
Nachdem Peter Parker von einer genetisch veränderten Spinne gebissen wurde, gewinnt er neue, spinnenähnliche Kräfte. The Amazing Spider-Man
100%
Die mächtigsten Helden der Erde müssen zusammenkommen & lernen, gemeinsam als Team zu kämpfen. The Avengers
100%
Ein verwaister Teenager durchquert den amerikanischen Westen mit einem süßen, aber geheimnisvollen Roboter. The Electric State
100%
Ein Nebel voller rachsüchtiger Geister sucht eine wohlhabende Inselstadt vor der Küste Oregons heim. The Fog - Nebel des Grauens
100%
Der junge Mogli ist nach einer Drohung des Tigers Shir Khan aus dem Dschungel geflohen. The Jungle Book
100%
Die Geschichte von König Georg VI. des Vereinigten Königreichs Großbritannien & Nordirland. The King's Speech - Die Rede des Königs
100%
Die wahre Geschichte von Jordan Belfort & seinem Aufstieg als reicher Börsenmakler. The Wolf of Wall Street
100%
Eine 17-jährige Aristokratin verliebt sich in einen armen Künstler an Bord eines luxuriösen Unglücksschiffs. Titanic
100%
Nach 30 Dienstjahren als einer der besten Flieger der Navy, geht Pete Mitchell als mutiger Testpilot an seine Grenzen. Top Gun: Maverick
100%
Kurz bevor Andy sich auf den Weg zum College macht, werden die Spielzeuge irrtümlicherweise an eine Kindertagesstätte & nicht an seinen Speicher geliefert. Toy Story 3
100%
Der Drang eines Wissenschaftlers nach künstlicher Intelligenz nimmt gefährliche Auswirkungen an. Transcendence
100%
Als ihre Beziehung langsam in die Brüche geht, findet ein Paar einen Weg, wie es sich gegenseitig aus der Erinnerung des anderen Partners löschen kann. Vergiss mein nicht
100%
In ferner Zukunft tritt ein kleiner müllsammelnder Roboter versehentlich eine Reise in den Weltraum an. WALL·E - Der Letzte räumt die Erde auf
100%
Die X-Men senden Wolverine in einem verzweifelten Versuch in die Vergangenheit um die Geschichte zu ändern. X-Men: Zukunft ist Vergangenheit
100%
Nachdem er durch einen Paragliding-Unfall gelähmt ist, stellt ein Aristokrat einen jungen Mann aus der Vorstadt als seinen Pfleger ein. Ziemlich beste Freunde
100%
Ein schüchterner Student, 2 Schwestern & ein Twinkie süchtiger harter Kerl arbeiten zusammen gegen Untote. Zombieland
100%
Ein 17-jähriger Highschool-Student wird versehentlich 30 Jahre zurück in die Vergangenheit geschickt. Zurück in die Zukunft
100%
Barbie & Ken haben die Zeit ihres Lebens in der farbenfrohen & scheinbar perfekten Welt von Barbie-Land. Barbie
89%
Ein Architekt will New York City nach einer verheerenden Katastrophe als Utopie wiederaufbauen. Megalopolis
89%
Pooh, Ferkel, Eule & Tigger wollen nicht länger im Verborgenen leben & tragen ihren Kampf in die Stadt Ashdown. Winnie-the-Pooh: Blood & Honey 2
89%
Habgier, Betrug, Geld, Macht und Mord sind die Dinge, die die enge Freundschaft zwischen einem Mafia-Vizeboss & einem Kasinobesitzer bestimmen. Casino
88%
Ein Familienvater bereitet sich auf den alljährlichen Thanksgiving-Besuch seiner Zwillingsschwester vor. Jack & Jill
88%
Der griechische General Themistokles führt die Anklage gegen eindringende persische Streitkräfte an. 300: Rise of an Empire
86%
Ein geheimnisvoller Fremder mit einer Mundharmonika tut sich mit einem berüchtigten Desperado zusammen. Spiel mir das Lied vom Tod
86%
Ein sanftmütiger Hobbit aus dem Auenland & seine 8 Gefährten machen sich auf den Weg, den mächtigen "Einen Ring" zu zerstören. Der Herr der Ringe - Die Gefährten
83%
Dieser Mann war durch Zufall bei vielen historischen Augenblicken zugegen; Jenny, seine große Liebe, entzieht sich ihm jedoch. Forrest Gump
83%
Eine junge Frau entdeckt ihr Schicksal als Erbin des intergalaktischen Adels. Jupiter Ascending
83%
Nachdem ihre Familie ermordet wurde, wird Mathilda, ein 12-jähriges Mädchen, von einem professionellen Killer, widerwillig bei sich aufgenommen. Léon: Der Profi
83%
Eine Frau rebelliert auf der Suche nach ihrer Heimat gegen einen tyrannischen Herrscher im postapokalyptischen Australien & trifft dabei auf eine Gruppe weiblicher Gefangener. Mad Max: Fury Road
83%
Lebowski wird fälschlicherweise für den Millionär Lebowski gehalten & verlangt mit Hilfe seiner Bowling-Kumpel Entschädigung für seinen ruinierten Teppich. The Big Lebowski
83%
William Wallace beginnt eine Revolte gegen König Edward I. von England. Braveheart
82%
Wenn Samen aus dem Weltraum zur Erde driften, beginnen mysteriöse Hülsen zu wachsen & dringen in eine kleine Stadt ein. Die Körperfresser kommen
80%
An einem Abend wird eine ahnungslose Gruppe von 20 Personen von einer Reihe von Naturkatastrophen & Katastrophen heimgesucht. Disaster Movie
80%
Eine Gruppe von Kampfkunst-Kriegern hat nur 6 Tage Zeit, um die Erde vor einer extradimensionalen Invasion zu retten. Mortal Kombat 2 - Annihilation
80%
Die russische Regierung heuert die Veteranen der Polizeiakademie an, um gegen die Mafia vorzugehen. Police Academy 7
80%
Der respektlose James T. Kirk versucht, dem Erbe seines Vaters gerecht zu werden. Star Trek
80%
Der Polizeibeamte John McClane versucht das Leben seiner Frau Holly Gennaro & einiger weiterer Personen zu retten. Stirb langsam
80%
Als der fiese Joker Verwüstung & Chaos über die Menschen in Gotham bringt, muss sich der "dunkle Ritter" einer der härtesten Prüfungen unterziehen. The Dark Knight
80%
Inspiriert von dem fiktiven Dr. Heiter, träumt der gestörte Einzelgänger Martin davon, einen 12-Personen-Hundertfüßler zu erschaffen. The Human Centipede II
80%
Ein junger Rekrut in Vietnam gerät in eine moralische Krise, als er sich mit den Schrecken des Krieges & der Doppelnatur des Menschen konfrontiert sieht. Platoon
78%
Es ist das Jahr 3000 n. Chr.; die Erde ist an die außerirdische Rasse Psychlos verloren. Battlefield Earth - Kampf um die Erde
75%
Becca ist als Teenager zwischen 2 Jungen hin- & hergerissen. Beilight - Biss zum Abendbrot
75%
3 High-School-Freunde erhalten Superkräfte, nachdem sie eine unglaubliche Entdeckung unter Tage gemacht haben. Chronicle - Wozu bist du fähig?
75%
2 Jungen, die in einem gewalttätigen Stadtviertel Rio de Janeiros aufwachsen, gehen unterschiedliche Wege: einer wird Fotograf, der andere Drogenhändler. City of God
75%
Von Millionen geliebt, von vielen gehasst. Zwischen endloser Bewunderung & totaler Ablehnung muss Daniel leben: das ist sein Schicksal. Daniel der Zauberer
75%
Während des 2. Weltkriegs ringen ein Junge & seine kleine Schwester in Japan ums Überleben. Das letzte Glühwürmchen
75%
5 Highschool-Schüler treffen sich samstags beim Nachsitzen & entdecken, dass sie viel mehr gemeinsam haben, als sie eigentlich gedacht hatten. Der Frühstücksclub
75%
König Arthur & seine Ritter begeben sich auf eine Low-Budget-Suche nach dem Heiligen Gral. Die Ritter der Kokosnuss
75%
Ein pragmatischer US-Marine beobachtet, welche entmenschlichenden Auswirkungen der Vietnamkrieg auf seine Gefährten im Ausbildungslager hat. Full Metal Jacket
75%
Der König von Halloween Town entdeckt Christmas Town, ohne jedoch genau deren Konzept zu verstehen. Nightmare Before Christmas
75%
In einem berühmten Restaurant bilden eine Ratte, die kochen kann & ein junger Küchenarbeiter ein ungewöhnliches Team. Ratatouille
75%
Im 2. Weltkrieg macht sich Oskar S. in dem von den Deutschen besetzten Polen zunehmend Sorgen um seine jüdischen Mitarbeiter. Schindlers Liste
75%
Die Gefängnisaufseher des Todestraktes verstört einer ihrer neuen Insassen: Ein Schwarzer, der wegen Vergewaltigung & Kindermord angeklagt ist, besitzt auch eine mysteriöse Gabe. The Green Mile
75%
Ein von Gott Auserwählter soll eine bedeutsame Mission übernehmen, bevor eine apokalyptische Flut die Welt reinigt. Noah
71%
Eine kryptische Botschaft aus der Vergangenheit James Bonds veranlasst ihn, Nachforschungen über eine finstere Organisation aufzunehmen. Spectre
71%
Nachdem er entführt & 15 Jahre lang eingesperrt worden war, wird Oh Dae-su plötzlich entlassen. Oldboy
70%
Ein frustrierter Vorstadtpapa stürzt in eine Midlife Crisis, als er sich in die beste Freundin seiner Tochter verknallt. American Beauty
67%
Ein Betrüger & seine verführerische Partnerin sind gezwungen für einen wilden FBI Agenten zu arbeiten. American Hustle
67%
Ein 10-jähriges Mädchen durchstreift eine Welt, die von Göttern, Hexen & Geistern regiert wird, & in der sich Menschen in Bestien verwandeln. Chihiros Reise ins Zauberland
67%
6 Berühmtheiten aus LA stranden in James Francos Haus, nachdem eine Serie von verheerenden Ereignissen die Stadt zerstört hat. Das ist das Ende
67%
Ein aufgeschlossener jüdischer Buchhändler & sein Sohn Opfer werden Opfer des Holocausts. Das Leben ist schön
67%
Eine junge FBI-Agentenanwärterin muss sich einem inhaftierten & manipulativen Mörder anvertrauen, um von ihm Hilfe zu erhalten. Das Schweigen der Lämmer
67%
Inmitten des neuesten Plans des erfahrenen Betrügers Nicky taucht eine Frau aus seiner Vergangenheit auf. Focus
67%
Die Welt wird von monströsen Lebewesen heimgesucht, doch eines davon ist womöglich das einzige, das die Menschheit retten kann. Godzilla
67%
Eine Gruppe professioneller Bankräuber hat die Polizei an den Fersen, als sie bei ihrem letzten Raubzug versehentlich eine heiße Spur hinterlassen. Heat
67%
Laine beginnt Vorahnungen zu haben, die mit dem urbanen Mythos des Kriechers zusammenhängen. Jeepers Creepers: Reborn
67%
Ein Paar leistungsschwache Polizisten werden an eine lokale High School zurückgeschickt, um sich anzupassen. Jump Street
67%
Ein italienischer Kellner bekämpft einen kriminellen Drahtzieher mit seiner ererbten Verkleidungskraft. Meister der Verwandlung
67%
Entschlossen, ihren eigenen Weg zu gehen, widersetzt sich eine Prinzessin einer Tradition & bringt Chaos in ihr Königreich. Merida - Legende der Highlands
67%
Eine junge Frau begleitet widerwillig ihren Freund auf eine Sommerreise, wo Dinge schnell schief gehen. Midsummar
67%
Lisbeth Salander, eine junge Computerhackerin, hilft dem Journalisten Mikael Blomkvist bei seiner Suche nach einer Frau. Verblendung
67%
Ein von Entstellungen im Gesicht gezeichneter Junge muss sich an eine neue Schule gewöhnen. Wunder
67%
Ein Landbesitzer will sich wieder mit seinen beiden Töchtern versöhnen, nachdem seine Frau bei einem Bootsunfall schwer verletzt wurde. 17. The Descendants - Familie & andere Angelegenheiten
60%
Tim Avery befindet sich in einer misslichen Lage, als sein Hund über die Maske von Loki stolpert. Die Maske 2 - Die nächste Generation
60%
Nachdem er nur knapp einen bizarren Unfall überlebt hat, wird ein psychisch labiler Teenager von Visionen eines großen Hasen heimgesucht. Donnie Darko
60%
Eine Frau arbeitet mit einem abgebrühten Boxtrainer daran, Profiboxerin zu werden. Million Dollar Baby
60%
Ein ehemaliger UFC-Mittelgewichtskämpfer landet in einer ruppigen Bar, wo nicht alles so ist, wie es scheint. Road House
60%
Solomon Northup, ein freier Schwarzer aus dem Hinterland New Yorks, wird entführt & in die Sklaverei verkauft. 12 Years a Slave
57%
Ein Detektiv des Paranormalen enträtselt langsam mysteriöse Ereignisse mit tödlichen Folgen. Alone in the Dark
50%
Eine Adelsfamilie wird in einen Krieg um die Kontrolle über das wertvollste Gut der Galaxis verwickelt. Dune
50%
Profion, ein Tyrann, versucht, ein friedliches Königreich zu besiegen, das von einer starken Kaiserin regiert wird. Dungeons & Dragons
50%
Ein Krimineller täuscht eine Geisteskrankheit vor & wird in eine psychiatrische Anstalt eingewiesen. Einer flog über das Kuckucksnest
50%
Jerry Lundegaards stümperhaft ausgeführtes Verbrechen scheitert an seinen vollkommen unfähigen Spießgesellen. Fargo - Blutiger Schnee
50%
1820 wird ein Walfängerschiff von einem riesigen Wal angegriffen. Im Herzen der See
50%
Die Braut erwacht aus einem 4-jährigen Koma. Das Kind, das sie in ihrem Mutterleib trug, ist verschwunden. Kill Bill - Vol. 1
50%
Die Schriftstellerin P.L. Travers denkt über ihre Kindheit nach, nachdem sie sich widerwillig mit Walt Disney getroffen hat. Saving Mr. Banks
50%
Ein Stummfilmstar trifft eine junge Tänzerin. The Artist
50%
1974 heuert der Hochseilartist Philippe Petit ein Team von Leuten an, die ihm bei der Verwirklichung seines Traums helfen sollen. The Walk - Eine wahre Geschichte
50%
2 Sturmjäger riskieren ihr Leben, um ein experimentelles Wetterwarnsystem zu testen. Twisters
50%
Im Großbritannien der Zukunft sitzt der charismatische Delinquent Alex DeLarge im Gefängnis. Uhrwerk Orange
50%
24 Std. im Leben von 3 jungen Männern in französischen Vorstädten, 1 Tag nach gewalttätigen Ausschreitungen. Hass
40%
Ein Bösewicht eines Videospiels zieht los, um sich seinen großen Traum zu erfüllen, ein Held zu sein. Ralph reicht's
40%
Die Scheinwelten, in die sich 4 Menschen mit Hilfe von Drogen geflüchtet haben, geraten ins Wanken, als ihre Sucht stärker wird. Requiem for a Dream
40%
Ein Paar macht übernatürliche Erfahrungen, nachdem es seine Nichten & seinen Neffen ins Haus gebracht hat. Scary Movie 5
40%
Als New York von Oscorp belagert wird, liegt es an Spider-Man, die Stadt, sowie seine Lieben zu retten. The Amazing Spider-Man 2: Rise of Electro
38%
In einer von Krankheit verwüsteten Zukunftswelt wird ein Sträfling auf eine Zeitreise zurück in die Vergangenheit geschickt. 12 Monkeys
33%
Während des Vietnamkrieges wird Captain Willard auf eine gefährliche Mission nach Kambodscha geschickt, um dort einen abtrünnigen Oberst umzubringen. Apocalypse Now
33%
Ein Sträfling jagt mit seinen amerikanischen & chinesischen Partnern ein hochrangiges Netzwerk von Cyber-Kriminellen. Blackhat
33%
Ein verrückter General begibt sich auf den Weg zum nuklearen Holocaust, was eine Gruppe Politiker & Generäle verzweifelt zu stoppen versucht. Dr. Seltsam oder: Wie ich lernte, die Bombe zu lieben
33%
Ein geplagtes Kind lässt versehentlich einen Flaschengeist frei, der ihm 3 Wünsche erfüllen muss. Kazaam - Der Geist aus der Flasche
33%
Ein zielstrebiger kubanischer Einwanderer übernimmt ein Drogenkartell & verfällt der Habsucht. Scarface
33%
In der Zeit der Depression in North Carolina wird die Zukunft von George Pembertons Holzimperium kompliziert, als er heiratet. Serena
33%
Der jüngste Sohn eines alkoholsüchtigen, ehemaligen Boxers kehrt nach Hause zurück, wo ihn sein Vater für die Teilnahme an Mixed-Martial-Arts-Turnieren trainiert. Warrior
33%
4 junge Außenseiter teleportieren sich in ein alternatives & gefährliches Universum, das ihre physische Form auf schockierende Weise verändert. Fantastic Four
25%
Die Inhaberin einer Kunstgalerie wird von dem Roman ihres Ex-Ehemanns verfolgt, einem gewalttätigen Thriller. Nocturnal Animals
25%
Nachdem ein einfacher Juwelendiebstahl gründlich schiefgelaufen ist, hegen die überlebenden Verbrecher den Verdacht, dass einer unter ihren ein Polizeispitzel ist. Reservoir Dogs - Wilde Hunde
25%
Ein Drama über die Anfänge der Malerin Margaret Keane & ihren phänomenalen Erfolg in der 50er Jahre. Big Eyes
20%
In naher Zukunft wird die Kriminalität von einer mechanisierten Polizei überwacht. Chappie
20%
Ein Hausmeister am Massachusetts Institute of Technology besitzt eine Begabung für Mathematik. Good Will Hunting
20%
Ein kämpfender Drehbuchautor verstrickt sich versehentlich in die kriminelle Unterwelt von Los Angeles. Psychos
20%
Eine Sekretärin aus Phoenix unterschlägt 40.000 Dollar, die für einen Kunden ihres Arbeitgebers bestimmt waren & sucht das Weite. Psycho
17%
Nach einer Familientragödie ist eine aufstrebende Autorin zwischen der Liebe zu ihrer Jugendfreundin & der Versuchung eines mysteriösen Außenseiters hin & her gerissen. Crimson Peak
0%
Der alternde Patriarch einer Verbrecherdynastie will die Herrschaft über sein geheimes Reich auf seinen widerwilligen Sohn übertragen. Der Pate
0%
Ein Lehrer führt ein einsames Leben, während er die ganze Zeit um das Sorgerecht für seinen Sohn kämpft. Die Jagd
0%
Gewalt & Chaos folgen, nachdem ein Wilddieb in der Nähe des Rio Grande auf die Überbleibsel eines gescheiterten Drogendeals stößt. No Country for Old Men
0%
Die Bewohner einer einsamen Schlucht im Landesinneren Kaliforniens werden Zeuge einer unheimlichen & erschreckenden Entdeckung. Nope
0%
Keine übereinstimmenden Quizze gefunden
Verteilung der Resultate
Anzahl Personen mit jedem Resultat
Perzentil nach korrekt beantworteten Fragen
Ihre Resultats-Entwicklung
Sie haben dieses Quiz noch nicht gespielt